|
|
|
|
| LEADER |
00000nab a2200000 a 4500 |
| 001 |
vtls009147763 |
| 003 |
SK-MaSNL |
| 005 |
20260303183721.0 |
| 008 |
071008c20071005xo ur| 0 0slo |
| 015 |
|
|
|a SNBRB2007/10
|
| 038 |
|
|
|a RVGKPD
|
| 040 |
|
|
|a RVGKPD
|b slo
|c RVGKPD
|e AACR2
|
| 041 |
|
|
|a slo
|
| 044 |
|
|
|a xo
|c SK
|
| 080 |
|
|
|a 329.14
|x (437.6)
|b Smer-SD
|2 1997
|
| 080 |
|
|
|a 329.14
|x (4)
|b PES
|2 1997
|
| 245 |
0 |
0 |
|a Stop socialistov pre Smer trvá
|c [autor] (dia)
|
| 300 |
|
|
|b Fotogr.
|
| 610 |
2 |
7 |
|a Strana európskych socialistov
|2 rvgkpd
|9 18420
|
| 610 |
2 |
7 |
|a Smer - sociálna demokracia (politická strana)
|2 SNKKA
|9 87774
|
| 650 |
0 |
7 |
|a pozastavenie členstva v PES
|2 snkbucl
|9 1213165
|
| 773 |
0 |
|
|t Pravda
|g Roč. XVII, č. 229 (5.10.2007), s. 4
|x 1335-4051
|
| 852 |
|
|
|a RVGKPD
|b KIS3G
|
| 992 |
|
|
|a RBX
|
| 999 |
|
|
|c 2122576
|d 2124506
|